00550nam a22001817a 450000500170000001000240001702000260004103500130006703500130008003700080009308200080010110000260010924500830013526000440021827000380026230000320030050000360033220210216155210.0 aB-422618 B-736894 a9780007428052c499.00 aB-422618 aB-736894 bUBH a615 aMukherjee, Siddhartha aThe emperor of all maladies:ba biography of cancer /cby Siddhartha Mukherjee aLondonbHarper Collins Publishersc2011 a77-85, Fulham palace RoadbLondon axiv, 571p.bill.c21cm(Pbk) aIncludes bibliography and index